Análisis sobre modelos de desarrollo rural en América Latina

Bewaard in:
Bibliografische gegevens
Hoofdauteur: Murcia, Héctor H.
Formaat: Texto
Gepubliceerd in: San José: OEA. IICA
Tags: Voeg label toe
Geen labels, Wees de eerste die dit record labelt!

MARC

LEADER 00000 a a2200000 04500
001 18008
003
040
090 |a 003700  
100 |a Murcia, Héctor H.  
245 |a Análisis sobre modelos de desarrollo rural en América Latina  
260 |a San José:   |b OEA. IICA  
300 |a 19 p.  
999 |c 2619  |d 2619